000 00361nam a2200145Ia 4500
008 191201s2012 xx 000 0 und d
082 _a331.0954
_bDWM
100 _aDWIVEDI, R S
245 0 _aManaging Human Resources Industrial Relations
250 _aRep
260 _aN. Delhi
_bGalgatia Pub. Pvt
_c2012
300 _a548
650 _aBBA
942 _2ddc
_cBK
999 _c5718
_d5718